Posúdenie balíka programov KGZA z oblasti geodetických základov a vytvorenie katalógu s praktickým využitím.

Guardado en:
Detalles Bibliográficos
Autor principal: Gaštan, Jakub, 1988- (Autor)
Otros Autores: Černý, Peter, 1948- (Orientador)
Formato: Manuscrito Libro
Lenguaje:eslovaco
Publicado: Bratislava : STU v Bratislave SvF, 2014
Materias:
Acceso en línea:VAIS
Etiquetas: Agregar Etiqueta
Sin Etiquetas, Sea el primero en etiquetar este registro!

MARC

LEADER 00000ntm a22000003a 4500
001 stu297709
005 20150617230309.1
008 140919s2014----xo------------------slo-d
040 |a STU  |b slo 
041 0 |a slo 
044 |a xo 
100 1 |a Gaštan, Jakub,  |d 1988-  |4 aut  |u V  |T SvF Stavebná fakulta  |X 67241  |U V  |Y 10  |7 A000067241 
242 0 0 |a The assessment of KGZA programs in the field of the Geodesy and creating a catalog of practical use  |y eng 
245 1 |a Posúdenie balíka programov KGZA z oblasti geodetických základov a vytvorenie katalógu s praktickým využitím. 
260 |a Bratislava :  |b STU v Bratislave SvF,  |c 2014 
650 7 |a geodézia a kartografia  |2 stusub 
650 7 |a Geodesy and Cartography  |2 estusub 
700 1 |a Černý, Peter,  |d 1948-  |4 ths  |u V130  |U SvF Stavebná fakulta  |T SvF Katedra geodetických základov  |X 968  |U V130  |Y 13  |7 A000000968 
856 4 |a info a plný text  |u http://is.stuba.sk/zp/portal_zp.pl?podrobnosti=107821  |3 VAIS